| 000 | 01968nam0a2200409 4500 | ||
|---|---|---|---|
| 001 | RU\NLR\BIBL_A\022334436 | ||
| 005 | 20251121113017.0 | ||
| 010 | _a978-5-9729-1651-1 | ||
| 035 | _a(NLR Aleph) 022334436 | ||
| 090 |
_a13463843 _c13463843 |
||
| 100 | _a20240926d2024 k y0rusy50 ca | ||
| 101 | 0 | _arus | |
| 102 | _aRU | ||
| 105 | _aa z 000yy | ||
| 181 | 0 |
_ai _baxxe |
|
| 182 | 0 | _an | |
| 200 | 1 |
_aТопливо и основы теории горения _eмонография _fВ. Р. Ведрученко, В. В. Крайнов, В. К. Гаак |
|
| 203 |
_aТекст _bвизуальный _cнепосредственный |
||
| 210 |
_aМосква _aВологда _cИнфра-Инженерия _d2024 (печ. 2023) |
||
| 215 |
_a216, [1] с. _cил., табл. _d22 |
||
| 320 | _aБиблиогр.: с. 209–212 (60 назв.) | ||
| 606 | 1 |
_aТопливо _91077753 _3RU\NLR\AUTH\66102037 |
|
| 606 | 1 |
_aГорение _xТеория _91013377 _3RU\NLR\AUTH\6668484 |
|
| 686 | 1 | _aЗ35 | |
| 700 | 1 |
_aВедрученко _bВ. Р. _gВиктор Родионович |
|
| 701 | 1 |
_aКрайнов _bВ. В. _gВасилий Васильевич |
|
| 701 | 1 |
_aГаак _bВ. К. _gВиктор Климентьевич |
|
| 856 | 4 | 1 |
_lVNP_UCHZ _tVIEW _uhttps://webservices.nlr.ru/viewer/file?name=t022334436_001.jpg _yОбложка |
| 856 | 4 |
_lVNP_UCHZ _tVIEW _uhttps://webservices.nlr.ru/viewer/file?name=a022334436_002.txt _yАннотация |
|
| 856 | 4 |
_lVNP_UCHZ _tVIEW _uhttps://webservices.nlr.ru/viewer/file?name=p022334436_003.jpg _x001 _yСтраница |
|
| 856 | 4 |
_lVNP_UCHZ _tVIEW _uhttps://webservices.nlr.ru/viewer/file?name=p022334436_004.jpg _x002 _yСтраница |
|
| 856 | 4 |
_lVNP_UCHZ _tVIEW _uhttps://webservices.nlr.ru/viewer/file?name=p022334436_005.jpg _x003 _yСтраница |
|
| 942 | _cBOOK | ||
| 980 | 4 | _aVNP_UCHZ | |
| 980 | _aNB | ||